| 000 | 00954cam a22002531 4500 | ||
|---|---|---|---|
| 001 | sa 63003122 | ||
| 003 | DLC | ||
| 005 | 20260227111939.0 | ||
| 008 | 860318s1961 ii b 000 0 eng | ||
| 010 | _asa 63003122 | ||
| 035 | _a(OCoLC)13308063 | ||
| 040 |
_aDLC _cCU _dDLC |
||
| 042 | _apremarc | ||
| 043 | _aa-ii--- | ||
| 050 | 0 | 0 |
_aHD3540.A3 _bK25 |
| 100 | 1 |
_aDesai, M. B. _q(Maganbhai Bhagwanji), _d1918- |
|
| 245 | 1 | 0 |
_aCo-operation in Karjan; _ba report on the working of the co-operative movement in Karjan Taluka. |
| 260 |
_aBombay, _bIndian Society of Agricultural Economics _c[1961] |
||
| 300 |
_aviii, 131 p. _bfold. map, tables _c25 cm. |
||
| 490 | 1 |
_aIndian Society of Agricultural Economics. Publications ; _v35. Seminar Series |
|
| 650 | 0 |
_aCooperation _zIndia _zKarjan (Taluka) |
|
| 650 | 0 |
_aAgriculture, Cooperative _zIndia _zKarjan (Taluka) |
|
| 830 | 0 |
_aPublications (Indian Society of Agricultural Economics) ; _v35. Seminar Series. |
|
| 999 |
_c54901 _d54901 |
||